[Event "New York op"]
[Site "New York"]
[Date "1986.??.??"]
[Round "?"]
[White "Polgar, Zsuzsa"]
[Black "McCambridge, Vincent"]
[Result "1-0"]
[WhiteElo "2400"]
[BlackElo "2450"]
[PlyCount "97"]
[EventDate "1986.03.??"]
[EventType "swiss"]
[EventRounds "9"]
[EventCountry "USA"]
[Source "ChessBase"]
[SourceDate "1996.11.15"]

1. d4 Nf6 2. c4 e6 3. Nf3 b6 4. g3 Bb4+ 5. Bd2 a5 6. Bg2 Bb7 7. O-O O-O 8. Bf4
Ne4 9. Nfd2 d5 10. Qc2 Nc6 11. cxd5 exd5 12. Be3 f5 13. a3 Bd6 14. Nc3 Ne7 15.
f3 Nxc3 16. bxc3 f4 17. Bxf4 Bxf4 18. gxf4 Rxf4 19. e3 Rf6 20. Rf2 Qd6 21. Nf1
Ng6 22. Ng3 Nh4 23. e4 Rf4 24. e5 Qh6 25. Re1 Bc8 26. Qd2 Nxg2 27. Rxg2 Bh3 28.
Nh5 Bxg2 29. Qxf4 Qxf4 30. Nxf4 Bxf3 31. Kf2 Be4 32. c4 c6 33. Ke3 Rf8 34. h4
Rd8 35. Rc1 b5 36. cxb5 cxb5 37. Rc5 Rb8 38. Nxd5 Bxd5 39. Rxd5 b4 40. axb4
axb4 41. Kd2 b3 42. Kc1 b2+ 43. Kb1 Rb7 44. Rc5 Kf7 45. d5 Ke8 46. Rc8+ Kd7 47.
Rg8 Rb5 48. Rxg7+ Ke8 49. d6 1-0

[Event "San Francisco 2nd"]
[Site "San Francisco"]
[Date "1986.03.??"]
[Round "1"]
[White "Whitehead, Jay E"]
[Black "Polgar, Zsuzsa"]
[Result "0-1"]
[WhiteElo "2425"]
[BlackElo "2400"]
[PlyCount "64"]
[EventDate "1986.03.??"]
[EventType "tourn"]
[EventRounds "13"]
[EventCountry "USA"]
[EventCategory "4"]
[Source "ChessBase"]
[SourceDate "2004.11.15"]

1. d4 d5 2. c4 dxc4 3. Nc3 c5 4. d5 e6 5. e4 Ne7 6. Bg5 h6 7. Bh4 exd5 8. exd5
g5 9. Bg3 Bg7 10. Bxc4 Nf5 11. Qe2+ Kf8 12. O-O-O Nd4 13. Qh5 Bf5 14. Bd3 Qd7
15. Bxf5 Qxf5 16. Rd2 Na6 17. Qh3 g4 18. Bd6+ Kg8 19. Qd3 Qf6 20. Bg3 h5 21.
Nge2 Bh6 22. Qe4 Nxe2+ 23. Qxe2 Kh7 24. Ne4 Qg6 25. Bh4 Bxd2+ 26. Kxd2 Nb4 27.
d6 Rad8 28. a3 Rxd6+ 29. Kc1 Nd3+ 30. Kb1 Nxf2 31. Bxf2 Re6 32. Re1 Rhe8 0-1

[Event "San Francisco 2nd"]
[Site "San Francisco"]
[Date "1986.03.??"]
[Round "2"]
[White "Polgar, Zsuzsa"]
[Black "Ramayrat, Cris"]
[Result "1-0"]
[WhiteElo "2400"]
[BlackElo "2430"]
[PlyCount "89"]
[EventDate "1986.03.??"]
[EventType "tourn"]
[EventRounds "13"]
[EventCountry "USA"]
[EventCategory "4"]
[Source "ChessBase"]
[SourceDate "2004.11.15"]

1. d4 Nf6 2. c4 g6 3. Nc3 Bg7 4. e4 d6 5. f3 O-O 6. Be3 Nc6 7. Nge2 a6 8. Qd2
Rb8 9. Nc1 e5 10. d5 Nd4 11. N1e2 Nxe2 12. Bxe2 Nh5 13. O-O-O f5 14. c5 Nf4 15.
Bc4 b5 16. Bf1 Rf7 17. c6 Bf6 18. Kb1 Nh5 19. b4 f4 20. Ba7 Ra8 21. Bf2 Bh4 22.
Kb2 Bxf2 23. Qxf2 g5 24. Be2 Nf6 25. a4 bxa4 26. Ra1 g4 27. Rxa4 Rg7 28. Rha1
g3 29. Qg1 gxh2 30. Qxh2 Rb8 31. Kb3 h5 32. Bxa6 Bxa6 33. Rxa6 Rg3 34. b5 Qf8
35. Ra7 Qc8 36. Kc4 Kg7 37. R1a2 Kg6 38. Qh1 Ng8 39. Qh4 Nf6 40. Ne2 Rg5 41.
Qh3 Kh6 42. Qxc8 Rxc8 43. Nc3 h4 44. b6 cxb6 45. Nb5 1-0

[Event "San Francisco 2nd"]
[Site "San Francisco"]
[Date "1986.03.??"]
[Round "3"]
[White "Rey, Guillermo"]
[Black "Polgar, Zsuzsa"]
[Result "0-1"]
[WhiteElo "2245"]
[BlackElo "2400"]
[PlyCount "104"]
[EventDate "1986.03.??"]
[EventType "tourn"]
[EventRounds "13"]
[EventCountry "USA"]
[EventCategory "4"]
[Source "ChessBase"]
[SourceDate "2004.11.15"]

1. d4 Nf6 2. Nf3 g6 3. c4 Bg7 4. Nc3 O-O 5. e4 d6 6. Be2 e5 7. O-O Nc6 8. d5
Ne7 9. Ne1 Nd7 10. Nd3 f5 11. Bd2 Nf6 12. f3 f4 13. c5 g5 14. cxd6 cxd6 15. Rc1
Ng6 16. Nb5 Rf7 17. Qc2 Ne8 18. a4 h5 19. Nf2 Bd7 20. Qb3 Bf6 21. Rc3 Qb8 22.
Na3 Bd8 23. Bb5 Bb6 24. Bxd7 Rxd7 25. Rfc1 g4 26. Kf1 Qd8 27. Be1 Nh4 28. fxg4
Bxf2 29. Bxf2 hxg4 30. Qc2 Qg5 31. Nb5 a6 32. Na3 Nf6 33. Rc8+ Rd8 34. Rxa8
Rxa8 35. Bxh4 Qxh4 36. Kg1 Kg7 37. Qc7+ Kg6 38. Qxd6 Rh8 39. h3 gxh3 40. Qe6
Qg5 41. Rc2 Rh5 42. Qf5+ Qxf5 43. exf5+ Kxf5 44. gxh3 Nxd5 45. Nc4 e4 46. Nd6+
Ke5 47. Nxb7 f3 48. Rh2 e3 49. Nc5 Nf4 50. Kf1 Kd4 51. Nb3+ Ke4 52. Nc1 Rc5 0-1

[Event "San Francisco 2nd"]
[Site "San Francisco"]
[Date "1986.03.??"]
[Round "4"]
[White "Polgar, Zsuzsa"]
[Black "Donaldson, John W"]
[Result "1/2-1/2"]
[WhiteElo "2400"]
[BlackElo "2420"]
[PlyCount "38"]
[EventDate "1986.03.??"]
[EventType "tourn"]
[EventRounds "13"]
[EventCountry "USA"]
[EventCategory "4"]
[Source "ChessBase"]
[SourceDate "2004.11.15"]

1. d4 d5 2. Nf3 c6 3. c4 Nf6 4. e3 e6 5. Nbd2 Nbd7 6. Bd3 Bd6 7. e4 dxe4 8.
Nxe4 Nxe4 9. Bxe4 O-O 10. O-O h6 11. Bc2 e5 12. Re1 Bb4 13. Bd2 Bxd2 14. Qxd2
exd4 15. Nxd4 Nf6 16. Rad1 Qc7 17. Qd3 Bg4 18. f3 Bd7 19. c5 Rae8 1/2-1/2

[Event "San Francisco 2nd"]
[Site "San Francisco"]
[Date "1986.03.??"]
[Round "5"]
[White "Cross, Steven"]
[Black "Polgar, Zsuzsa"]
[Result "1/2-1/2"]
[WhiteElo "2200"]
[BlackElo "2400"]
[PlyCount "74"]
[EventDate "1986.03.??"]
[EventType "tourn"]
[EventRounds "13"]
[EventCountry "USA"]
[EventCategory "4"]
[Source "ChessBase"]
[SourceDate "2004.11.15"]

1. d4 Nf6 2. c4 c5 3. dxc5 e6 4. Nf3 Bxc5 5. Nc3 d5 6. e3 O-O 7. Be2 Nc6 8. O-O
Re8 9. a3 a5 10. Qc2 Qe7 11. Rd1 Rd8 12. b3 b6 13. Bb2 Bb7 14. Na4 Ne4 15. Nxc5
bxc5 16. Rac1 Rac8 17. Bd3 f5 18. Ne5 Nxe5 19. Bxe5 Qg5 20. f4 Qg6 21. Bxe4
fxe4 22. a4 dxc4 23. Qxc4 Rd3 24. Qb5 Bc6 25. Qxa5 Qg4 26. Rxd3 exd3 27. Qd2
Bxg2 28. Qxg2 d2 29. Qxg4 dxc1=Q+ 30. Kf2 Qd2+ 31. Kf1 Qd3+ 32. Kf2 Qd2+ 33.
Kf1 Qd3+ 34. Kf2 Qc2+ 35. Ke1 Qc1+ 36. Ke2 Qc2+ 37. Ke1 Qc1+ 1/2-1/2

[Event "San Francisco 2nd"]
[Site "San Francisco"]
[Date "1986.03.??"]
[Round "6"]
[White "Polgar, Zsuzsa"]
[Black "Harari, Zaki"]
[Result "0-1"]
[WhiteElo "2400"]
[BlackElo "2200"]
[PlyCount "90"]
[EventDate "1986.03.??"]
[EventType "tourn"]
[EventRounds "13"]
[EventCountry "USA"]
[EventCategory "4"]
[Source "ChessBase"]
[SourceDate "2004.11.15"]

1. d4 Nf6 2. c4 g6 3. Nc3 Bg7 4. e4 d6 5. f3 O-O 6. Be3 e5 7. d5 Nh5 8. Qd2
Qh4+ 9. g3 Nxg3 10. Qf2 Nxf1 11. Qxh4 Nxe3 12. Ke2 Nxc4 13. b3 Na3 14. Rc1 Bd7
15. Nh3 b5 16. Nd1 c5 17. Ne3 Na6 18. Rhg1 f6 19. Nf5 gxf5 20. Rg2 Nc7 21. Rcg1
Ne8 22. Qh5 Nc2 23. Nf2 Nd4+ 24. Kd2 f4 25. Kd1 a5 26. Ng4 Bxg4 27. Rxg4 f5 28.
exf5 Nxf5 29. Ke2 Ra7 30. Rg5 Raf7 31. Kf2 Nf6 32. Qh3 Nd4 33. Qg2 Ne8 34. Qg4
Nf5 35. h4 Kh8 36. h5 Ng3 37. Qe6 e4 38. fxe4 Bd4+ 39. Kg2 Bxg1 40. Kxg1 Ne2+
41. Kf1 Nd4 42. Qh3 f3 43. h6 f2 44. Qc3 Rf3 45. Rf5 R8xf5 0-1

[Event "San Francisco 2nd"]
[Site "San Francisco"]
[Date "1986.03.??"]
[Round "10"]
[White "De Firmian, Nick E"]
[Black "Polgar, Zsuzsa"]
[Result "1/2-1/2"]
[WhiteElo "2520"]
[BlackElo "2400"]
[PlyCount "35"]
[EventDate "1986.03.??"]
[EventType "tourn"]
[EventRounds "13"]
[EventCountry "USA"]
[EventCategory "4"]
[Source "ChessBase"]
[SourceDate "2004.11.15"]

1. d4 d5 2. c4 dxc4 3. Nf3 c5 4. e3 cxd4 5. Bxc4 Qc7 6. Qb3 e6 7. Nxd4 a6 8.
Nc3 Bd7 9. O-O Nf6 10. Be2 Nc6 11. Rd1 Bc5 12. Nxc6 Bxc6 13. Bd2 O-O 14. Rac1
Qe5 15. Qc4 Rfd8 16. Qf4 Qxf4 17. exf4 Rd7 18. Be3 1/2-1/2

[Event "San Francisco 2nd"]
[Site "San Francisco"]
[Date "1986.03.??"]
[Round "11"]
[White "Polgar, Zsuzsa"]
[Black "Winslow, Elliott C"]
[Result "1/2-1/2"]
[WhiteElo "2400"]
[BlackElo "2340"]
[PlyCount "33"]
[EventDate "1986.03.??"]
[EventType "tourn"]
[EventRounds "13"]
[EventCountry "USA"]
[EventCategory "4"]
[Source "ChessBase"]
[SourceDate "2004.11.15"]

1. Nf3 d5 2. g3 e6 3. Bg2 c5 4. c4 Nf6 5. cxd5 Nxd5 6. O-O Nc6 7. d3 Be7 8. Nc3
O-O 9. Bd2 b6 10. a3 Bb7 11. Rb1 Nd4 12. Nxd4 cxd4 13. Nb5 Ne3 14. fxe3 Bxg2
15. Kxg2 dxe3 16. Bxe3 Qd5+ 17. Rf3 1/2-1/2

[Event "San Francisco 2nd"]
[Site "San Francisco"]
[Date "1985.03.??"]
[Round "12"]
[White "Ferrera, Benjamin"]
[Black "Polgar, Zsuzsa"]
[Result "0-1"]
[WhiteElo "2305"]
[BlackElo "2400"]
[PlyCount "106"]
[EventDate "1986.03.??"]
[EventType "tourn"]
[EventRounds "13"]
[EventCountry "USA"]
[EventCategory "4"]
[Source "ChessBase"]
[SourceDate "2004.11.15"]

1. e4 c5 2. Nf3 Nc6 3. d4 cxd4 4. Nxd4 g6 5. Nc3 Bg7 6. Be3 Nf6 7. Bc4 O-O 8.
Bb3 a5 9. a4 d6 10. f3 Nxd4 11. Bxd4 Be6 12. Nd5 Bxd5 13. exd5 Nd7 14. O-O
Bxd4+ 15. Qxd4 Qb6 16. Qxb6 Nxb6 17. Rfe1 Rfe8 18. Rad1 Rac8 19. Re2 Kf8 20.
Kf2 Rc5 21. Rd4 Rec8 22. Ke1 Nd7 23. Kd1 Ne5 24. c3 Rb8 25. Kc1 h5 26. f4 Ng4
27. h3 Nf6 28. Red2 b5 29. axb5 Rbxb5 30. Ba4 Rb4 31. Bd1 Rxd4 32. Rxd4 Nxd5
33. Bf3 Nb6 34. Kd2 Rc4 35. Ke3 Rxd4 36. Kxd4 h4 37. Bc6 f6 38. Be4 e5+ 39.
fxe5 fxe5+ 40. Kd3 Kf7 41. b4 axb4 42. cxb4 d5 43. Bf3 Ke6 44. Bd1 Kf5 45. Ke3
Nc4+ 46. Kf2 e4 47. Bb3 Ke5 48. b5 Kd6 49. g3 g5 50. gxh4 gxh4 51. b6 Nxb6 52.
Ke3 Ke5 53. Ke2 d4 0-1

[Event "San Francisco 2nd"]
[Site "San Francisco"]
[Date "1986.03.??"]
[Round "13"]
[White "Polgar, Zsuzsa"]
[Black "Lobo, Richard"]
[Result "1-0"]
[WhiteElo "2400"]
[BlackElo "2340"]
[PlyCount "69"]
[EventDate "1986.03.??"]
[EventType "tourn"]
[EventRounds "13"]
[EventCountry "USA"]
[EventCategory "4"]
[Source "ChessBase"]
[SourceDate "2004.11.15"]

1. d4 Nf6 2. c4 g6 3. Nf3 Bg7 4. g3 O-O 5. Bg2 d6 6. O-O c5 7. Nc3 Nc6 8. dxc5
dxc5 9. Be3 Nd7 10. Ne1 Nd4 11. Nd3 Rb8 12. Qd2 Ne5 13. Nxe5 Bxe5 14. Rad1 Bg4
15. Bh6 Bg7 16. Bxg7 Kxg7 17. Qg5 Qc8 18. Qe5+ Kg8 19. Nd5 Nc6 20. Qxe7 Nxe7
21. Nxe7+ Kg7 22. Nxc8 Bxe2 23. Nd6 Bxd1 24. Rxd1 Rfd8 25. Rd5 b6 26. f4 Kf8
27. a4 Rd7 28. Nb5 Re7 29. Kf2 Rbe8 30. Bf3 Re1 31. Nc7 R8e7 32. Rd8+ Kg7 33.
g4 f6 34. Nd5 Re8 35. Rd7+ 1-0

[Event "HUN-ch"]
[Site "Hungary"]
[Date "1986.??.??"]
[Round "?"]
[White "Lukacs, Peter"]
[Black "Polgar, Zsuzsa"]
[Result "1/2-1/2"]
[WhiteElo "2460"]
[BlackElo "2400"]
[PlyCount "67"]
[EventDate "1986.04.??"]
[EventType "tourn"]
[EventRounds "15"]
[EventCountry "HUN"]
[EventCategory "8"]
[Source "ChessBase"]
[SourceDate "1996.11.15"]

1. d4 d5 2. c4 dxc4 3. Nf3 c5 4. d5 Nf6 5. Nc3 e6 6. e4 exd5 7. e5 Nfd7 8. Bg5
Be7 9. Bxe7 Qxe7 10. Nxd5 Qd8 11. Qc2 Nb6 12. O-O-O N8d7 13. Nxb6 Qxb6 14. Bxc4
Qh6+ 15. Kb1 O-O 16. Rd6 Qf4 17. Qc1 Qxc1+ 18. Rxc1 Nb6 19. Bd3 c4 20. Bxc4
Nxc4 21. Rxc4 Bf5+ 22. Kc1 Be6 23. Ra4 Rfc8+ 24. Kd2 Rd8 25. Rxd8+ Rxd8+ 26.
Ke3 a6 27. a3 h6 28. Rb4 b5 29. Rd4 Rc8 30. Rd2 Rc5 31. b4 Rc1 32. Nd4 Re1+ 33.
Re2 Ra1 34. Nc2 1/2-1/2

[Event "HUN-ch"]
[Site "Hungary"]
[Date "1986.??.??"]
[Round "?"]
[White "Polgar, Zsuzsa"]
[Black "Farago, Ivan"]
[Result "1/2-1/2"]
[WhiteElo "2400"]
[BlackElo "2520"]
[PlyCount "44"]
[EventDate "1986.04.??"]
[EventType "tourn"]
[EventRounds "15"]
[EventCountry "HUN"]
[EventCategory "8"]
[Source "ChessBase"]
[SourceDate "1996.11.15"]

1. d4 Nf6 2. c4 e6 3. Nf3 b6 4. e3 d5 5. b3 Bb7 6. Bd3 Bd6 7. O-O O-O 8. Nc3
Nbd7 9. Bb2 a6 10. Rc1 Ne4 11. Qc2 f5 12. Ne2 dxc4 13. bxc4 Ng5 14. Nd2 f4 15.
exf4 Bxf4 16. Nxf4 Rxf4 17. f3 c5 18. Ne4 Nxe4 19. Bxe4 Bxe4 20. fxe4 Rxf1+ 21.
Rxf1 cxd4 22. Bxd4 e5 1/2-1/2

[Event "HUN-ch"]
[Site "Hungary"]
[Date "1986.??.??"]
[Round "?"]
[White "Polgar, Zsuzsa"]
[Black "Horvath, Jozsef"]
[Result "1/2-1/2"]
[WhiteElo "2400"]
[BlackElo "2475"]
[PlyCount "72"]
[EventDate "1986.04.??"]
[EventType "tourn"]
[EventRounds "15"]
[EventCountry "HUN"]
[EventCategory "8"]
[Source "ChessBase"]
[SourceDate "1996.11.15"]

1. d4 Nf6 2. c4 e6 3. Nf3 d5 4. Nc3 Bb4 5. cxd5 exd5 6. Bg5 h6 7. Bh4 g5 8. Bg3
Ne4 9. Rc1 h5 10. h4 Nxg3 11. fxg3 Bd6 12. hxg5 Bxg3+ 13. Kd2 c6 14. e3 Bg4 15.
Bd3 Nd7 16. Ne2 Qa5+ 17. Kc2 Bd6 18. Qe1 Qxe1 19. Rcxe1 O-O-O 20. Nf4 Rdg8 21.
Nh3 Rg7 22. e4 dxe4 23. Rxe4 f6 24. gxf6 Nxf6 25. Ree1 Nd5 26. Be4 Rhg8 27. Ne5
Nf6 28. Bd3 Bb4 29. Rc1 Rd8 30. Nf4 Nd5 31. Nxh5 Bxh5 32. Rxh5 Rxg2+ 33. Kb3
Rg3 34. Rch1 Bd6 35. R1h3 Bxe5 36. dxe5 Rxh3 1/2-1/2

[Event "Politiken Cup 08th"]
[Site "Copenhagen"]
[Date "1986.??.??"]
[Round "7"]
[White "Polgar, Zsuzsa"]
[Black "Chernin, Alexander"]
[Result "1/2-1/2"]
[WhiteElo "2400"]
[BlackElo "2570"]
[PlyCount "71"]
[EventDate "1986.06.??"]
[EventType "swiss"]
[EventRounds "10"]
[EventCountry "DEN"]
[Source "ChessBase"]
[SourceDate "1996.11.15"]

1. d4 Nf6 2. c4 e6 3. Nf3 b6 4. g3 Ba6 5. b3 Bb4+ 6. Bd2 Be7 7. Nc3 O-O 8. e4
d5 9. cxd5 Bxf1 10. Kxf1 exd5 11. e5 Ne4 12. Kg2 Nc6 13. Re1 f5 14. Ne2 Qd7 15.
h4 Nd8 16. Nf4 Ne6 17. Rc1 c5 18. Be3 Rad8 19. Qd3 Nxf4+ 20. Bxf4 Qe8 21. dxc5
bxc5 22. Ng1 Kh8 23. f3 c4 24. bxc4 Nc5 25. Qe2 dxc4 26. Rxc4 Qb5 27. Qc2 Nd3
28. Re2 Nb4 29. Qb3 Rd3 30. Rc3 Rxc3 31. Qxc3 Nd5 32. Qb3 Nxf4+ 33. gxf4 Qa6
34. h5 Qh6 35. Qb7 Bc5 36. Nh3 1/2-1/2

[Event "Politiken Cup 08th"]
[Site "Copenhagen"]
[Date "1986.??.??"]
[Round "8"]
[White "Ernst, Thomas"]
[Black "Polgar, Zsuzsa"]
[Result "0-1"]
[WhiteElo "2455"]
[BlackElo "2400"]
[PlyCount "112"]
[EventDate "1986.06.??"]
[EventType "swiss"]
[EventRounds "10"]
[EventCountry "DEN"]
[Source "ChessBase"]
[SourceDate "1996.11.15"]

1. e4 e5 2. Nf3 Nc6 3. Bb5 g6 4. c3 a6 5. Ba4 d6 6. d4 Bd7 7. Bg5 f6 8. Be3 Nh6
9. O-O Bg7 10. dxe5 dxe5 11. Bc5 Bf8 12. Bxf8 Kxf8 13. c4 Kg7 14. Nc3 Nf7 15.
h3 Qc8 16. Nd5 Re8 17. c5 Nfd8 18. Rc1 Ne6 19. Re1 Rd8 20. Re3 Ned4 21. Nxd4
Nxd4 22. f4 Bc6 23. fxe5 fxe5 24. Bb3 Qd7 25. Qe1 Rf8 26. Rd1 Ba4 27. Qc3 Bxb3
28. axb3 c6 29. Nb6 Ne2+ 30. Rxe2 Qxd1+ 31. Re1 Qd4+ 32. Qxd4 exd4 33. Nxa8
Rxa8 34. e5 Kf7 35. Re4 Rd8 36. e6+ Ke7 37. Kf2 a5 38. Rh4 h5 39. Re4 Rd5 40.
Ke1 Rxc5 41. Rxd4 Rc2 42. Rd7+ Kxe6 43. Rxb7 Rxg2 44. Rc7 Kd6 45. Rg7 h4 46.
Kd1 Rg3 47. Kc2 g5 48. Rg6+ Kd5 49. Rf6 Ke4 50. Re6+ Kf3 51. Re5 Kg2 52. Rxa5
Kxh3 53. Rc5 Kg2 54. Rxc6 h3 55. b4 h2 56. b5 h1=Q 0-1

[Event "Utrecht op"]
[Site "Utrecht"]
[Date "1986.??.??"]
[Round "2"]
[White "Van der Linde, Meindert"]
[Black "Polgar, Zsuzsa"]
[Result "0-1"]
[WhiteElo "2250"]
[BlackElo "2400"]
[PlyCount "60"]
[EventDate "1986.10.??"]
[EventType "swiss"]
[EventRounds "5"]
[EventCountry "NED"]
[Source "ChessBase"]
[SourceDate "1996.11.15"]

1. e4 c5 2. Nf3 d6 3. d4 cxd4 4. Nxd4 Nf6 5. Nc3 a6 6. Bg5 e6 7. f4 Qb6 8. Qd3
Qxb2 9. Rb1 Qa3 10. f5 Be7 11. Be2 Nc6 12. fxe6 fxe6 13. Nxc6 bxc6 14. O-O Qa5
15. Bd2 Qc7 16. e5 dxe5 17. Na4 Rb8 18. Rxb8 Qxb8 19. Qg3 O-O 20. Bd3 Nd5 21.
Rxf8+ Bxf8 22. Qh4 g6 23. Qg4 Qa7+ 24. Kf1 Qd4 25. Qe4 Nf6 26. Qxd4 exd4 27.
Bf4 Nd7 28. Bc4 Kf7 29. g4 Bg7 30. Ke2 Ke7 0-1

[Event "Vienna op"]
[Site "Vienna"]
[Date "1986.??.??"]
[Round "?"]
[White "Polgar, Zsuzsa"]
[Black "Roth, Peter"]
[Result "1-0"]
[WhiteElo "2400"]
[BlackElo "2345"]
[PlyCount "45"]
[EventDate "1986.11.??"]
[EventType "swiss"]
[EventRounds "9"]
[EventCountry "AUT"]
[Source "ChessBase"]
[SourceDate "1987.12.01"]

1. d4 Nf6 2. c4 g6 3. Nc3 Bg7 4. e4 d6 5. f3 O-O 6. Be3 b6 7. Bd3 Nfd7 8. Nge2
c5 9. Bc2 Nc6 10. d5 Nb4 11. Bb3 Ne5 12. O-O Ba6 13. a3 Nxc4 14. Bxc4 Bxc4 15.
axb4 cxb4 16. b3 bxc3 17. bxc4 Qc7 18. Qb3 Rfc8 19. Ra4 Rcb8 20. Nxc3 Bxc3 21.
Qxc3 b5 22. Ra6 bxc4 23. Rc1 1-0

[Event "Mendrisio op"]
[Site "Mendrisio"]
[Date "1987.??.??"]
[Round "?"]
[White "Dlugy, Maxim"]
[Black "Polgar, Zsuzsa"]
[Result "1-0"]
[WhiteElo "2520"]
[BlackElo "2495"]
[PlyCount "33"]
[EventDate "1987.??.??"]
[EventType "swiss"]
[EventRounds "9"]
[EventCountry "SUI"]
[Source "ChessBase"]
[SourceDate "2001.11.25"]

1. d4 Nf6 2. c4 c5 3. d5 b5 4. cxb5 a6 5. f3 e6 6. e4 exd5 7. e5 Nh5 8. Qxd5
Qh4+ 9. g3 Nxg3 10. hxg3 Qxg3+ 11. Kd1 Ra7 12. Ne2 Qf2 13. Nbc3 Bb7 14. b6 Bxd5
15. bxa7 Bd6 16. Nxd5 O-O 17. a8=Q 1-0

[Event "Mendrisio op"]
[Site "Mendrisio"]
[Date "1987.??.??"]
[Round "?"]
[White "Lobron, Eric"]
[Black "Polgar, Zsuzsa"]
[Result "1/2-1/2"]
[WhiteElo "2540"]
[BlackElo "2495"]
[PlyCount "39"]
[EventDate "1987.??.??"]
[EventType "swiss"]
[EventRounds "9"]
[EventCountry "SUI"]
[Source "ChessBase"]
[SourceDate "2001.11.25"]

1. Nf3 c5 2. e3 Nc6 3. d4 cxd4 4. exd4 d5 5. h3 g6 6. c4 Nf6 7. Nc3 Bg7 8. Be2
O-O 9. O-O Bf5 10. cxd5 Nxd5 11. Bg5 h6 12. Be3 Rc8 13. Rc1 Ncb4 14. Qb3 Qd7
15. a3 Be6 16. Nxd5 Nxd5 17. Qd3 Qd6 18. Qd2 Kh7 19. Rfd1 Rfd8 20. Rxc8 1/2-1/2

[Event "Mendrisio op"]
[Site "Mendrisio"]
[Date "1987.??.??"]
[Round "?"]
[White "Polgar, Zsuzsa"]
[Black "Schaffarth, Peter"]
[Result "1-0"]
[WhiteElo "2495"]
[BlackElo "2255"]
[PlyCount "31"]
[EventDate "1987.??.??"]
[EventType "swiss"]
[EventRounds "9"]
[EventCountry "SUI"]
[Source "ChessBase"]
[SourceDate "2001.11.25"]

1. d4 Nf6 2. Nf3 e6 3. Bf4 c5 4. e3 d5 5. c3 Be7 6. Nbd2 O-O 7. Bd3 b6 8. Ne5
Bb7 9. Qf3 Nbd7 10. Qh3 Re8 11. Rd1 c4 12. Bc2 b5 13. Ndf3 g6 14. Nxf7 Qb6 15.
Bxg6 Rf8 16. N3g5 1-0

[Event "Mendrisio op"]
[Site "Mendrisio"]
[Date "1987.??.??"]
[Round "?"]
[White "Polgar, Zsuzsa"]
[Black "Wagman, Stuart"]
[Result "1-0"]
[WhiteElo "2495"]
[BlackElo "2265"]
[PlyCount "51"]
[EventDate "1987.??.??"]
[EventType "swiss"]
[EventRounds "9"]
[EventCountry "SUI"]
[Source "ChessBase"]
[SourceDate "2001.11.25"]

1. d4 d5 2. Nf3 Nf6 3. c4 e6 4. Nc3 Be7 5. Bf4 O-O 6. e3 c5 7. dxc5 Bxc5 8.
cxd5 exd5 9. Be2 Nc6 10. O-O a6 11. Bg5 Be6 12. Rc1 d4 13. Bxf6 gxf6 14. exd4
Nxd4 15. Nxd4 Qxd4 16. Bf3 Rad8 17. Bxb7 Bc4 18. Qxd4 Rxd4 19. Rfe1 Rb8 20. Bc6
Rb6 21. Bf3 Rxb2 22. Na4 Rb5 23. Nxc5 Rxc5 24. Re4 Rxe4 25. Bxe4 Rc8 26. Bd5
1-0

[Event "New York op"]
[Site "New York"]
[Date "1987.??.??"]
[Round "?"]
[White "Burger, Karl"]
[Black "Polgar, Zsuzsa"]
[Result "0-1"]
[WhiteElo "2310"]
[BlackElo "2495"]
[PlyCount "80"]
[EventDate "1987.??.??"]
[EventType "swiss"]
[EventCountry "USA"]
[Source "ChessBase"]
[SourceDate "1988.02.01"]

1. d4 Nf6 2. Nf3 g6 3. c4 Bg7 4. g3 O-O 5. Bg2 d6 6. O-O Nc6 7. Nc3 a6 8. h3 e5
9. d5 Ne7 10. e4 Ne8 11. Ne1 b5 12. cxb5 axb5 13. Nd3 Rb8 14. a3 f5 15. exf5
gxf5 16. f4 e4 17. Nb4 Nf6 18. Be3 Qe8 19. Qe2 Bd7 20. Kh2 h5 21. Rac1 Qg6 22.
Rfd1 Kh8 23. Qf2 Be8 24. Bf1 Rg8 25. Be2 Qh6 26. Rd2 Bd7 27. Nd1 Rbc8 28. Nc3
Rb8 29. Nd1 Rb7 30. Bd4 h4 31. gxh4 Ng6 32. Be3 Nh5 33. Rdc2 Nhxf4 34. Rxc7
Rxc7 35. Rxc7 Be5 36. Kh1 Nf8 37. Nc6 Bxc6 38. dxc6 N8e6 39. Re7 Qf6 40. Rd7
Nxh3 0-1

[Event "New York op"]
[Site "New York"]
[Date "1987.??.??"]
[Round "?"]
[White "Polgar, Zsuzsa"]
[Black "Campora, Daniel Hugo"]
[Result "1/2-1/2"]
[WhiteElo "2495"]
[BlackElo "2550"]
[PlyCount "82"]
[EventDate "1987.??.??"]
[EventType "swiss"]
[EventCountry "USA"]
[Source "ChessBase"]
[SourceDate "1988.02.01"]

1. d4 d5 2. c4 e6 3. Nf3 Nf6 4. Nc3 Be7 5. Bg5 h6 6. Bxf6 Bxf6 7. e3 O-O 8. Rc1
a6 9. cxd5 exd5 10. Be2 c6 11. O-O Nd7 12. Na4 Re8 13. Ne1 Be7 14. Nd3 Bd6 15.
Nac5 Nxc5 16. Nxc5 g6 17. b4 Qc7 18. h3 Qe7 19. Re1 h5 20. Bf1 Kg7 21. Qb3 Bc7
22. e4 dxe4 23. Nxe4 Be6 24. Qc3 Bd5 25. Nc5 Qd6 26. g3 Rxe1 27. Rxe1 a5 28. a3
axb4 29. axb4 h4 30. Nxb7 Qf6 31. Nc5 Ra2 32. Re2 Rxe2 33. Bxe2 hxg3 34. fxg3
Qg5 35. Kf2 Qf5+ 36. Bf3 Qxh3 37. Bxd5 cxd5 38. Ne6+ Qxe6 39. Qxc7 Qf5+ 40. Qf4
Qc2+ 41. Kf3 Qc3+ 1/2-1/2

[Event "New York op"]
[Site "New York"]
[Date "1987.??.??"]
[Round "?"]
[White "Rachels, Stuart"]
[Black "Polgar, Zsuzsa"]
[Result "1/2-1/2"]
[WhiteElo "2355"]
[BlackElo "2495"]
[PlyCount "112"]
[EventDate "1987.??.??"]
[EventType "swiss"]
[EventCountry "USA"]
[Source "ChessBase"]
[SourceDate "1988.02.01"]

1. e4 e5 2. Nf3 Nc6 3. Bc4 Bc5 4. c3 Nf6 5. d3 d6 6. O-O O-O 7. b4 Bb6 8. Nbd2
a5 9. b5 Ne7 10. Bb3 c6 11. bxc6 bxc6 12. Nc4 Bc7 13. Re1 Ng6 14. d4 Ba6 15.
dxe5 dxe5 16. Qe2 Qc8 17. a4 h6 18. Qa2 Kh8 19. Ba3 Rd8 20. Ncd2 Nf4 21. Bc4
Qg4 22. g3 Nh3+ 23. Kg2 Nf4+ 24. Kg1 Nd3 25. Re3 Nxf2 26. Kxf2 Bb6 27. Rae1 Qh3
28. Kg1 Ng4 29. Nf1 Qh5 30. Bc1 Bxc4 31. Qxc4 Bxe3+ 32. Bxe3 Nxe3 33. Rxe3 Rd1
34. Rd3 Ra1 35. Qb3 Qg4 36. Qc4 Rb8 37. N3d2 Rf8 38. Qc5 Kg8 39. Qxe5 Qe2 40.
Qd4 c5 41. Qd7 c4 42. Rf3 Qd1 43. Rf5 Qxa4 44. Qxa4 Rxa4 45. Ne3 Rd8 46. Ndxc4
Rd3 47. Kf2 Ra2+ 48. Kf3 a4 49. Ra5 Rxc3 50. e5 a3 51. Ke4 Ra1 52. Kd4 Rb3 53.
Nc2 Rh1 54. Rxa3 Rxa3 55. N2xa3 Rxh2 56. Ke4 h5 1/2-1/2

[Event "Brest/Paris m"]
[Site "Brest"]
[Date "1987.??.??"]
[Round "1"]
[White "Renet, Olivier"]
[Black "Polgar, Zsuzsa"]
[Result "1/2-1/2"]
[WhiteElo "2455"]
[BlackElo "2495"]
[PlyCount "52"]
[EventDate "1987.02.??"]
[EventType "match"]
[EventRounds "6"]
[EventCountry "FRA"]
[Source "ChessBase"]
[SourceDate "1996.11.15"]

1. d4 Nf6 2. c4 g6 3. Nc3 Bg7 4. e4 d6 5. Nf3 O-O 6. Be3 e5 7. dxe5 dxe5 8.
Qxd8 Rxd8 9. Nd5 Rd7 10. Nxf6+ Bxf6 11. c5 Nc6 12. Bb5 Rd8 13. Bxc6 bxc6 14.
O-O Rb8 15. b3 Ba6 16. Rfe1 Bg7 17. Rac1 h6 18. Nd2 Rb4 19. g4 Bd3 20. f3 Bf6
21. a3 Rbb8 22. b4 Bh4 23. Bf2 Bg5 24. Be3 Bh4 25. Bf2 Bg5 26. Be3 Bh4 1/2-1/2